[Event "World Blitz"]
[Site "Moscow RUS"]
[Date "2007.11.22"]
[Round "37"]
[White "Gelfand, B."]
[Black "Kasimdzhanov, R."]
[Result "0-1"]
[WhiteElo "2736"]
[BlackElo "2690"]
[PlyCount "80"]
[EventDate "2007.11.21"]
[Source "www.chesslib.no"]
[SourceDate "2004.05.04"]

1. d4 d5 2. c4 e5 3. dxe5 d4 4. Nf3 Nc6 5. a3 Nge7 6. b4 Ng6 7. Bb2 a5 8. b5
Ncxe5 9. Nxe5 Nxe5 10. Bxd4 Nxc4 11. e3 Be6 12. Qc2 Nd6 13. Bd3 Qg5 14. O-O
Nxb5 15. Nc3 Nxd4 16. exd4 Bd6 17. Rab1 Qh6 18. g3 O-O 19. Rxb7 Bxa3 20. Nb5
Bb4 21. Rxc7 Rac8 22. Be4 Rxc7 23. Nxc7 Bh3 24. Rb1 Rc8 25. Bb7 Rb8 26. Be4 Qd6
27. Nd5 g6 28. Nxb4 Rxb4 29. Rxb4 Qxb4 30. Qd1 a4 31. Bg2 Bxg2 32. Kxg2 a3 33.
d5 a2 34. d6 Qb7+ 35. Kh3 Qb1 36. Qa4 a1=Q 37. Qe8+ Kg7 38. d7 Qf5+ 39. Kg2
Qd5+ 40. Kh3 Qad4 0-1

[Event "60th ch-RUS Higher League"]
[Site "Krasnoyarsk RUS"]
[Date "2007.09.06"]
[Round "4"]
[White "Sidorov, A."]
[Black "Zablotsky, S."]
[Result "1/2-1/2"]
[WhiteElo "2438"]
[BlackElo "2498"]
[PlyCount "44"]
[EventDate "2007.09.03"]
[Source "www.chesslib.no"]
[SourceDate "2004.05.04"]

1. d4 d5 2. c4 e5 3. dxe5 d4 4. Nf3 Nc6 5. a3 a5 6. b3 Bc5 7. Nbd2 Bf5 8. Bb2
Nge7 9. g3 Ng6 10. Bg2 O-O 11. O-O Re8 12. b4 axb4 13. axb4 Rxa1 14. Bxa1 Bxb4
15. Nb3 Be6 16. Qc2 Bc3 17. Bxc3 dxc3 18. Qxc3 Bc8 19. Nc5 Qe7 20. Nd3 Ngxe5
21. Nfxe5 Nxe5 22. Ra1 Nxd3 1/2-1/2

[Event "60th ch-RUS Higher League"]
[Site "Krasnoyarsk RUS"]
[Date "2007.09.12"]
[Round "9"]
[White "Kiselev, G."]
[Black "Zablotsky, S."]
[Result "1/2-1/2"]
[WhiteElo "2434"]
[BlackElo "2498"]
[PlyCount "46"]
[EventDate "2007.09.03"]
[Source "www.chesslib.no"]
[SourceDate "2004.05.04"]

1. d4 d5 2. c4 e5 3. e3 Nc6 4. cxd5 Qxd5 5. Nc3 Bb4 6. Bd2 Bxc3 7. Bxc3 exd4 8.
Ne2 Bg4 9. f3 Nf6 10. Nxd4 O-O-O 11. Qa4 Qg5 12. Kf2 Rhe8 13. Re1 Nxd4 14. Bxd4
Bxf3 15. Bxf6 Rd2+ 16. Kxf3 Qxf6+ 17. Qf4 Qc6+ 18. Kg3 Re6 19. e4 Rg6+ 20. Kh3
Rh6+ 21. Kg3 Rg6+ 22. Kh3 Rh6+ 23. Kg3 Rg6+ 1/2-1/2

[Event "otb"]
[Site "otb"]
[Date "2007.01.15"]
[Round "7"]
[White "Mkrtchian Lilit"]
[Black "Bezgodov Alexei"]
[Result "1/2-1/2"]
[WhiteElo "2458"]
[BlackElo "2552"]
[PlyCount "146"]
[Source "www.chesslib.no"]
[SourceDate "2004.05.04"]

1. d4 d5 2. c4 e5 3. dxe5 d4 4. Bf4 g5 5. Bg3 Nc6 6. h3 Nge7 7. e4 Ng6 8. Nf3
Bg7 9. Nbd2 Ncxe5 10. c5 O-O 11. Nxe5 Bxe5 12. Bxe5 Nxe5 13. h4 g4 14. Qa4 d3
15. O-O-O Qf6 16. Qd4 Be6 17. Kb1 Qf4 18. g3 Qf6 19. Bg2 Rad8 20. Qc3 Kg7 21.
Rhf1 Nc4 22. Qxf6+ Kxf6 23. b3 Ne5 24. f4 gxf3 25. Nxf3 Rg8 26. Nd4+ Ke7 27.
Nf5+ Bxf5 28. exf5 Kf6 29. Bxb7 Rxg3 30. Rf4 Ng4 31. Rd2 Ke5 32. Re4+ Kxf5 33.
Re7 Kf6 34. Rxc7 Re3 35. c6 Re1+ 36. Kb2 Re2 37. Kc3 Nf2 38. Rd7 Rxd7 39. cxd7
Ke7 40. Rxe2+ dxe2 41. Kd2 Nd3 42. Kxe2 Nc1+ 43. Ke3 Nxa2 44. Bd5 f6 45. Be4 h6
46. Kf4 Kxd7 47. Kf5 Nc3 48. Bf3 Ke7 49. Kg6 Nb5 50. h5 f5 51. Bd5 f4 52. Kxh6
Kf6 53. Kh7 Nd4 54. h6 Nf5 55. Be4 Ne7 56. Kh8 Kf7 57. Kh7 a5 58. Kh8 Ng6+ 59.
Kh7 Ne5 60. Bd5+ Kf8 61. Be6 f3 62. Bd5 f2 63. Bg2 Nd3 64. Bf1 Ne5 65. Be2 Ng4
66. Kg6 Kg8 67. Kf5 Ne3+ 68. Ke4 f1=Q 69. Bxf1 Nxf1 70. Kd3 Kh7 71. Kc4 Nd2+
72. Kb5 Nxb3 73. Ka4 Kxh6 1/2-1/2

[Event "otb"]
[Site "otb"]
[Date "2007.05.15"]
[Round "8"]
[White "Erdos Viktor"]
[Black "Le Roux Jean Pierre"]
[Result "1-0"]
[WhiteElo "2518"]
[BlackElo "2447"]
[PlyCount "61"]
[Source "www.chesslib.no"]
[SourceDate "2004.05.04"]

1. d4 d5 2. c4 e5 3. dxe5 d4 4. e4 Nc6 5. f4 f6 6. exf6 Nxf6 7. Bd3 Bb4+ 8. Nd2
O-O 9. Ngf3 Nh5 10. g3 Nxf4 11. gxf4 Rxf4 12. O-O Bg4 13. a3 Bxd2 14. Bxd2 Rxf3
15. Rxf3 Ne5 16. Be2 d3 17. Rf8+ Qxf8 18. Bxg4 Qc5+ 19. Kh1 Qc6 20. Bh3 Rf8 21.
Qh5 Nf3 22. Bc3 Qxe4 23. Qd5+ Qxd5 24. cxd5 Rf4 25. Rd1 g5 26. Rxd3 h5 27. Bg2
Nh4 28. Be1 Ng6 29. d6 cxd6 30. Rxd6 Ne7 31. Rd7 1-0

[Event "otb"]
[Site "otb"]
[Date "2007.03.12"]
[Round "8"]
[White "Stojanovic Mihajlo"]
[Black "Tadic Branko"]
[Result "1-0"]
[WhiteElo "2576"]
[BlackElo "2496"]
[PlyCount "79"]
[Source "www.chesslib.no"]
[SourceDate "2004.05.04"]

1. d4 d5 2. c4 e5 3. dxe5 d4 4. Nf3 Nc6 5. a3 Nge7 6. b4 Ng6 7. Bb2 a5 8. b5
Ncxe5 9. Qxd4 Qxd4 10. Bxd4 Nxc4 11. e3 Nd6 12. Nbd2 Bd7 13. a4 f6 14. Bd3 Bf5
15. Be2 Ne4 16. g4 Nxd2 17. gxf5 Nb3 18. fxg6 Nxa1 19. Bxa1 Bb4+ 20. Kf1 hxg6
21. Kg2 O-O-O 22. Rc1 Kb8 23. Nd4 Rh4 24. Bd3 Bd6 25. h3 Rdh8 26. Bxg6 Rxh3 27.
Nf3 R3h6 28. Bd3 g5 29. Rc4 Rd8 30. Bf5 Re8 31. Bc3 b6 32. Rg4 Reh8 33. Re4 Rf8
34. Nd4 Rh2+ 35. Kf3 Kb7 36. Ne6 g4+ 37. Rxg4 Rh5 38. Be4+ Ka7 39. Nxf8 f5 40.
Rg8 1-0

[Event "otb"]
[Site "otb"]
[Date "2007.04.13"]
[Round "10"]
[White "Sargissian Gabriel"]
[Black "Slobodjan Roman"]
[Result "1/2-1/2"]
[WhiteElo "2651"]
[BlackElo "2525"]
[PlyCount "83"]
[Source "www.chesslib.no"]
[SourceDate "2004.05.04"]

1. d4 d5 2. c4 e5 3. dxe5 d4 4. Nf3 Nc6 5. a3 Nge7 6. b4 Ng6 7. Bb2 a5 8. b5
Ncxe5 9. Bxd4 Nxc4 10. e3 Be6 11. Qc2 Nd6 12. Bd3 Nh4 13. Nxh4 Qxh4 14. O-O Be7
15. Nd2 O-O 16. f4 Rad8 17. a4 Ne8 18. Nf3 Qh6 19. Rad1 Nf6 20. Qxc7 Nd5 21.
Qc1 Bg4 22. Be4 Qe6 23. Qb1 g6 24. h3 Bxf3 25. Rxf3 Nxe3 26. Rxe3 Rxd4 27. Rxd4
Bc5 28. Qd1 Qb6 29. Kh2 Bxd4 30. Rd3 Rd8 31. Bxb7 Qd6 32. Kh1 Qxf4 33. g3 Qe5
34. Kg2 Rd6 35. Bf3 Bc5 36. h4 Rf6 37. Qd2 Bd6 38. Qg5 Qb2+ 39. Qd2 Qe5 40. Qg5
Qb2+ 41. Qd2 Qe5 42. Qg5 1/2-1/2

[Event "Ch (Men) San Luis ARG"]
[Site "?"]
[Date "2006.04.28"]
[Round "3"]
[White "Peralta Fernando"]
[Black "Amura Claudia Noemi"]
[Result "1-0"]
[WhiteElo "2524"]
[BlackElo "2368"]
[PlyCount "83"]
[EventDate "2006.??.??"]
[Source "www.chesslib.no"]
[SourceDate "2004.05.04"]

1. d4 d5 2. c4 e5 3. dxe5 d4 4. Nf3 Nc6 5. a3 Nge7 6. b4 Ng6 7. Bb2 a5 8. b5
Ncxe5 9. Nxe5 Nxe5 10. e3 Be6 11. Bxd4 Nxc4 12. Qc2 Nd6 13. Bd3 Qg5 14. O-O
Nxb5 15. Bb2 Bd6 16. f4 Qd5 17. Rc1 c6 18. f5 O-O-O 19. fxe6 Qh5 20. h3 fxe6
21. Nd2 Bc7 22. Bxb5 Qxb5 23. Bd4 Qd5 24. Nc4 Kb8 25. Rab1 c5 26. Rb5 cxd4 27.
Rxd5 exd5 28. Nd2 Rc8 29. exd4 Bb6 30. Qd1 Bxd4+ 31. Kh2 Rxc1 32. Qxc1 Be5+ 33.
g3 Rc8 34. Qd1 Rc3 35. Nf3 Bc7 36. Qxd5 Rxa3 37. Qg8+ Ka7 38. Qxg7 Bb6 39. Ne5
Rc3 40. Nd7 Rc2+ 41. Kh1 Bf2 42. Qe5 1-0

[Event "ENG"]
[Site "?"]
[Date "2006.05.01"]
[Round "11.2"]
[White "Pert Nicholas"]
[Black "Rogers Jonathan W"]
[Result "1/2-1/2"]
[WhiteElo "2494"]
[BlackElo "2340"]
[PlyCount "150"]
[EventDate "2006.??.??"]
[Source "www.chesslib.no"]
[SourceDate "2004.05.04"]

1. d4 d5 2. c4 e5 3. dxe5 d4 4. Nf3 Nc6 5. a3 Be6 6. e3 dxe3 7. Qxd8+ Rxd8 8.
Bxe3 Nge7 9. Nc3 Nf5 10. Rd1 Nxe3 11. Rxd8+ Kxd8 12. fxe3 g6 13. Be2 Bg7 14.
Nd4 Nxe5 15. Nxe6+ fxe6 16. h4 h6 17. Rf1 Ke7 18. Kd2 Nf7 19. c5 Rd8+ 20. Kc2
Bxc3 21. Kxc3 Rd5 22. b4 Re5 23. Kd4 Rd5+ 24. Kc3 Re5 25. Rf3 Re4 26. Rg3 Ne5
27. Bd3 Rxh4 28. Bxg6 b6 29. cxb6 cxb6 30. Bh7 a5 31. bxa5 bxa5 32. Rg7+ Kd6
33. Ra7 Nc6 34. Ra6 Kc5 35. Bg6 Kb5 36. Bd3+ Kc5 37. Bg6 Kb5 38. Bd3+ Kc5 39.
Be2 Ra4 40. Kb2 Ne5 41. Rxe6 Re4 42. Ra6 a4 43. Ra5+ Kc6 44. Kc2 Rxe3 45. Kd2
Re4 46. Ra6+ Kc5 47. Rxh6 Nc4+ 48. Bxc4 Kxc4 49. Rc6+ Kb3 50. Rc3+ Kb2 51. Rd3
Rg4 52. g3 Rg8 53. Re3 Rd8+ 54. Ke2 Rg8 55. Rd3 Re8+ 56. Kd1 Rc8 57. g4 Rc1+
58. Ke2 Rg1 59. Kf3 Ra1 60. g5 Rxa3 61. Rxa3 Kxa3 62. g6 Kb2 63. g7 a3 64. g8=Q
a2 65. Qg7+ Kb1 66. Qg6+ Kb2 67. Qf6+ Kb1 68. Qf5+ Kb2 69. Qb5+ Ka1 70. Qc4 Kb2
71. Qb4+ Ka1 72. Qc5 Kb2 73. Ke2 a1=Q 74. Kd2 Qa2 75. Qb4+ Qb3 1/2-1/2

[Event "Figueres"]
[Site "?"]
[Date "2006.08.14"]
[Round "?"]
[White "Chatalbashev Boris"]
[Black "Jedryczka Krystian"]
[Result "1-0"]
[WhiteElo "2507"]
[BlackElo "2315"]
[PlyCount "47"]
[EventDate "2006.??.??"]
[Source "www.chesslib.no"]
[SourceDate "2004.05.04"]

1. d4 d5 2. c4 e5 3. dxe5 d4 4. Nf3 Nc6 5. a3 Nge7 6. e3 Bg4 7. Qa4 Nf5 8. e4
Nh4 9. Nbd2 a5 10. Nxh4 Qxh4 11. g3 Qh5 12. Bg2 Ra6 13. O-O Be7 14. e6 O-O 15.
Qb5 f5 16. Qxb7 Rb6 17. Qxc7 Bd8 18. Qd7 f4 19. Qd5 Ne7 20. Qxh5 Bxh5 21. gxf4
Rxf4 22. Nb3 Rh4 23. Nxd4 h6 24. c5 1-0

[Event "Figueres"]
[Site "?"]
[Date "2006.08.12"]
[Round "?"]
[White "Vilela Jose Luis"]
[Black "Szoen Dariusz"]
[Result "1/2-1/2"]
[WhiteElo "2355"]
[BlackElo "2452"]
[PlyCount "34"]
[EventDate "2006.??.??"]
[Source "www.chesslib.no"]
[SourceDate "2004.05.04"]

1. d4 d5 2. c4 e5 3. dxe5 d4 4. Nf3 Nc6 5. a3 Nge7 6. b4 Bg4 7. Bb2 Nf5 8. Qd3
g6 9. Nbd2 Bg7 10. Ne4 Bxf3 11. Qxf3 O-O 12. g3 Qe8 13. Bg2 f6 14. e6 Nd6 15.
O-O Qxe6 16. Qd3 Qe7 17. b5 Na5 1/2-1/2

[Event "Gent"]
[Site "?"]
[Date "2006.07.17"]
[Round "6"]
[White "De Jong Jan Willem"]
[Black "Docx Stefan"]
[Result "1-0"]
[WhiteElo "2409"]
[BlackElo "2394"]
[PlyCount "95"]
[EventDate "2006.??.??"]
[Source "www.chesslib.no"]
[SourceDate "2004.05.04"]

1. d4 d5 2. c4 e5 3. dxe5 d4 4. Nf3 Nc6 5. Nbd2 Nge7 6. Nb3 Nf5 7. e4 dxe3 8.
Qxd8+ Nxd8 9. fxe3 Bb4+ 10. Kf2 Be7 11. Nbd4 O-O 12. Bd3 Nh4 13. Bc2 c6 14. Bd2
Re8 15. Bc3 a5 16. a3 a4 17. Rad1 g6 18. Kg3 g5 19. Nxh4 gxh4+ 20. Kf2 Bg4 21.
Rd2 Bg5 22. h3 Bh5 23. Nf5 Ne6 24. Nd6 Re7 25. Ne4 Bg6 26. Rhd1 h6 27. Nf6+ Kg7
28. Bxg6 Kxg6 29. Ne4 h5 30. Rd7 Rae8 31. Rxe7 Rxe7 32. Ke2 Bh6 33. Bb4 Rc7 34.
Nc3 c5 35. Ba5 Rc8 36. Nxa4 Ra8 37. b4 Bf8 38. Nb6 Ra6 39. Nd5 Bg7 40. Ne7+ Kh7
41. Rd6 Ra8 42. Rd7 Bxe5 43. Rxb7 Bb2 44. Nc6 Bxa3 45. b5 Bb2 46. Rxf7+ Kg6 47.
Ra7 Re8 48. Re7 1-0

[Event "It (Men) Buenos Aires ARG"]
[Site "?"]
[Date "2006.02.23"]
[Round "8"]
[White "Lafuente Pablo"]
[Black "Converset Juan Jose"]
[Result "1-0"]
[WhiteElo "2408"]
[BlackElo "2270"]
[PlyCount "49"]
[EventDate "2006.??.??"]
[Source "www.chesslib.no"]
[SourceDate "2004.05.04"]

1. d4 d5 2. c4 e5 3. Nc3 exd4 4. Qxd4 Nc6 5. Qxd5 Be6 6. Qxd8+ Rxd8 7. Bg5 f6
8. Bf4 g5 9. Bxc7 Rd7 10. Bg3 f5 11. e3 Nb4 12. Rc1 f4 13. exf4 Bf5 14. Be2 g4
15. h3 gxh3 16. Nxh3 Nd3+ 17. Bxd3 Bxd3 18. Ng5 Bxc4 19. Nf3 Bh6 20. Ne5 Re7
21. Ne4 b5 22. Nd6+ Kf8 23. Ndxc4 bxc4 24. Rxc4 Kg7 25. Rc8 1-0

[Event "It (Men) Santos BRA"]
[Site "?"]
[Date "2006.05.04"]
[Round "6"]
[White "Leitao Rafael"]
[Black "Mekhitarian Krikor Sevag"]
[Result "1/2-1/2"]
[WhiteElo "2575"]
[BlackElo "2421"]
[PlyCount "98"]
[EventDate "2006.??.??"]
[Source "www.chesslib.no"]
[SourceDate "2004.05.04"]

1. d4 d5 2. c4 e5 3. dxe5 d4 4. a3 Nc6 5. e3 Be6 6. Nf3 dxe3 7. Qxd8+ Rxd8 8.
Bxe3 Nge7 9. Nbd2 Ng6 10. Ng5 Ngxe5 11. Nxe6 fxe6 12. h3 Nd3+ 13. Bxd3 Rxd3 14.
Ke2 Rd7 15. b4 Nd4+ 16. Bxd4 Rxd4 17. Rac1 Be7 18. Nf3 Rd8 19. Rhd1 Rxd1 20.
Rxd1 Bf6 21. Nd2 Rf8 22. Ne4 Be7 23. Rd3 Rf5 24. g4 Rf4 25. f3 h5 26. c5 hxg4
27. hxg4 Rf8 28. c6 bxc6 29. Rc3 Kd7 30. Nc5+ Bxc5 31. Rxc5 Rh8 32. Ra5 Kd6 33.
Rxa7 e5 34. Ke3 Rf8 35. Ra6 Kd5 36. Ra5+ Kd6 37. Rc5 Rf4 38. Rc2 g5 39. Rd2+
Ke7 40. Rh2 e4 41. fxe4 Rxg4 42. Kd4 Rg3 43. Rh7+ Kd8 44. a4 Rb3 45. Kc4 Re3
46. a5 Rxe4+ 47. Kc5 Kc8 48. Rg7 Kb7 49. Rxg5 Re6 1/2-1/2

[Event "It (Men) Schaumburg USA"]
[Site "?"]
[Date "2006.04.20"]
[Round "5"]
[White "Mikhalevski Victor"]
[Black "Kriventsov Stanislav G"]
[Result "1/2-1/2"]
[WhiteElo "2566"]
[BlackElo "2449"]
[PlyCount "94"]
[EventDate "2006.??.??"]
[Source "www.chesslib.no"]
[SourceDate "2004.05.04"]

1. d4 d5 2. c4 e5 3. dxe5 d4 4. Nf3 Nc6 5. a3 Nge7 6. b4 Ng6 7. Bb2 a5 8. b5
Ncxe5 9. Nxe5 Nxe5 10. Qxd4 Qxd4 11. Bxd4 Nxc4 12. e3 Be6 13. Be2 a4 14. O-O
Na5 15. Nd2 f6 16. Rfc1 Kd7 17. Bd1 Nb3 18. Nxb3 axb3 19. Rcb1 Rxa3 20. Rxa3
Bxa3 21. Bxb3 Bxb3 22. Rxb3 Bd6 23. g4 h5 24. g5 fxg5 25. Bxg7 Rg8 26. Bb2 g4
27. Kg2 Rf8 28. Ba3 Bxa3 29. Rxa3 Rf5 30. Rb3 Kd6 31. Rb2 c5 32. bxc6 bxc6 33.
h3 gxh3+ 34. Kxh3 c5 35. Rc2 Kd5 36. Kg3 Ke4 37. Rc3 Rg5+ 38. Kh4 Rd5 39. Kg3
Rf5 40. f4 Rd5 41. Kg2 h4 42. Kh3 Kf3 43. Kxh4 Rf5 44. Ra3 c4 45. Rc3 Rc5 46.
f5 Rxf5 47. Rxc4 Kxe3 1/2-1/2

[Event "Kings Island"]
[Site "?"]
[Date "2006.11.12"]
[Round "5"]
[White "Andrews Todd"]
[Black "Sarkar Justin"]
[Result "1/2-1/2"]
[WhiteElo "2359"]
[BlackElo "2397"]
[PlyCount "35"]
[EventDate "2006.??.??"]
[Source "www.chesslib.no"]
[SourceDate "2004.05.04"]

1. d4 d5 2. c4 e5 3. dxe5 d4 4. Nf3 Nc6 5. a3 a5 6. b3 Bc5 7. g3 Nge7 8. Bg2
Ng6 9. Bb2 O-O 10. O-O Re8 11. Nbd2 Ngxe5 12. Nxe5 Nxe5 13. Ne4 Ba7 14. Rc1 f5
15. Nd2 Bc5 16. Nf3 Nxf3+ 17. Bxf3 Ra6 18. Qd2 1/2-1/2

[Event "Las Vegas USA"]
[Site "?"]
[Date "2006.06.11"]
[Round "3"]
[White "Almeida Saenz Alfonso"]
[Black "Fontaine Robert"]
[Result "0-1"]
[WhiteElo "2400"]
[BlackElo "2521"]
[PlyCount "58"]
[EventDate "2006.??.??"]
[Source "www.chesslib.no"]
[SourceDate "2004.05.04"]

1. d4 d5 2. c4 e5 3. dxe5 d4 4. Nf3 Nc6 5. a3 Nge7 6. g3 Ng6 7. Bf4 Bg4 8. Nbd2
Qd7 9. h3 Nxf4 10. gxf4 Bh5 11. Bg2 Qf5 12. Qa4 O-O-O 13. b4 Kb8 14. b5 Ne7 15.
Nb3 Qg6 16. Ng5 Nc8 17. c5 d3 18. Be4 dxe2 19. f3 f5 20. Bxb7 Be7 21. Kxe2 Bxg5
22. Rhg1 Qe6 23. Rxg5 Kxb7 24. Rxh5 Ne7 25. Kf2 Rd3 26. c6+ Ka8 27. Nc5 Rd2+
28. Kg3 Qd5 29. Na6 Rc8 0-1

[Event "Liepaya"]
[Site "?"]
[Date "2006.08.06"]
[Round "12"]
[White "Azmaiparashvili Zurab"]
[Black "Kanep Meelis"]
[Result "0-1"]
[WhiteElo "2669"]
[BlackElo "2510"]
[PlyCount "92"]
[EventDate "2006.??.??"]
[Source "www.chesslib.no"]
[SourceDate "2004.05.04"]

1. d4 d5 2. c4 e5 3. Nc3 dxc4 4. d5 Nf6 5. e4 b5 6. Bg5 Bc5 7. Qc2 c6 8. Nf3
O-O 9. O-O-O Bg4 10. dxc6 Qa5 11. a4 Nxc6 12. Bxf6 gxf6 13. axb5 Nd4 14. Qa4
Qxa4 15. Nxa4 Rac8 16. Kb1 Bxf3 17. gxf3 Bb4 18. f4 Nxb5 19. fxe5 fxe5 20. Rd5
Nd4 21. Rxe5 c3 22. bxc3 Bxc3 23. Rg1+ Kh8 24. Rc5 Rxc5 25. Nxc5 Rb8+ 26. Kc1
Rc8 27. Nd7 a5 28. Rg5 Bd2+ 29. Kxd2 Nf3+ 30. Ke3 Nxg5 31. Bd3 Ne6 32. f4 Nc5
33. Nxc5 Rxc5 34. Kd4 Rc7 35. Bb5 Rc2 36. h4 Rh2 37. f5 Rxh4 38. Kd5 f6 39. Bc6
Kg7 40. Ke6 Rh3 41. Kd6 h5 42. e5 Rd3+ 43. Bd5 Rxd5+ 44. Kxd5 fxe5 45. Kxe5 a4
46. Ke6 Kf8 0-1

[Event "Pardubice"]
[Site "?"]
[Date "2006.07.23"]
[Round "3"]
[White "Stocek Jiri"]
[Black "Szoen Dariusz"]
[Result "1-0"]
[WhiteElo "2561"]
[BlackElo "2452"]
[PlyCount "63"]
[EventDate "2006.??.??"]
[Source "www.chesslib.no"]
[SourceDate "2004.05.04"]

1. d4 d5 2. c4 e5 3. dxe5 d4 4. e4 Nc6 5. f4 g5 6. f5 Nxe5 7. Nf3 Nxf3+ 8. Qxf3
Bg7 9. Bd3 Be5 10. c5 Qf6 11. Na3 Ne7 12. b4 g4 13. Qxg4 Rg8 14. Qf3 Nc6 15.
Bd2 a5 16. b5 Nb4 17. Bxb4 axb4 18. Nc4 Qh4+ 19. g3 Qe7 20. Nxe5 Qxe5 21. O-O
Ra3 22. Qe2 Bd7 23. Rad1 Ke7 24. Rf2 Rc3 25. Qd2 h5 26. Qh6 Rxc5 27. Qxh5 Qf6
28. Qe2 Qd6 29. Bc4 Qe5 30. Qd3 Bxb5 31. Bxb5 Rxb5 32. f6+ 1-0

[Event "Swansea"]
[Site "?"]
[Date "2006.08.17"]
[Round "10.1"]
[White "Parker Jonathan"]
[Black "Pert Nicholas"]
[Result "1/2-1/2"]
[WhiteElo "2509"]
[BlackElo "2503"]
[PlyCount "33"]
[EventDate "2006.??.??"]
[Source "www.chesslib.no"]
[SourceDate "2004.05.04"]

1. d4 d5 2. c4 e5 3. dxe5 d4 4. a3 Nc6 5. e3 Nge7 6. Nf3 Bg4 7. Be2 dxe3 8.
Qxd8+ Rxd8 9. Bxe3 Bxf3 10. Bxf3 Nxe5 11. Bxb7 Nxc4 12. Bxa7 Na5 13. Bf3 Nb3
14. Ra2 Nc1 15. Ra1 Nb3 16. Ra2 Nc1 17. Ra1 1/2-1/2

[Event "Tch (Men) 2005/2006 NED"]
[Site "?"]
[Date "2006.05.13"]
[Round "1"]
[White "Ljubojevic Ljubomir"]
[Black "Martens Martin"]
[Result "1-0"]
[WhiteElo "2565"]
[BlackElo "2414"]
[PlyCount "129"]
[EventDate "2006.??.??"]
[Source "www.chesslib.no"]
[SourceDate "2004.05.04"]

1. d4 d5 2. c4 e5 3. dxe5 d4 4. a3 Nc6 5. e3 dxe3 6. Qxd8+ Kxd8 7. Bxe3 Nxe5 8.
Nc3 Be6 9. O-O-O+ Kc8 10. Nd5 c6 11. Nf4 Bg4 12. f3 Bd7 13. Ngh3 Nh6 14. Ng5
Nf5 15. Bf2 Be7 16. Ne4 Kc7 17. Nh5 Rhg8 18. Be2 b6 19. f4 Ng6 20. Rxd7+ Kxd7
21. Bg4 Kc7 22. Bxf5 Rad8 23. Re1 Rde8 24. Bh3 Bh4 25. g3 Bd8 26. c5 Nf8 27. b4
Nd7 28. g4 g6 29. Nhg3 Nf6 30. Nxf6 Rxe1+ 31. Bxe1 Bxf6 32. Ne4 Re8 33. Bg2 Bd4
34. Kd1 b5 35. Bd2 Re7 36. g5 Bb2 37. Kc2 Bg7 38. Bc1 h6 39. Bf3 hxg5 40. fxg5
Be5 41. h3 Rd7 42. Be3 a6 43. Nf2 Re7 44. Nd3 Bg7 45. Bf4+ Kb7 46. Bd2 Kc7 47.
Nf2 Bd4 48. Ne4 Be5 49. Bc3 Bxc3 50. Kxc3 Re5 51. Kd4 Rd5+ 52. Ke3 Re5 53. Bg4
Kd8 54. h4 Kc7 55. Kf4 Rd5 56. h5 gxh5 57. Bxh5 Rd3 58. Bxf7 Kd8 59. Bh5 Ke7
60. g6 Kf8 61. Nd6 Rxa3 62. Nf5 a5 63. Kg5 axb4 64. g7+ Kg8 65. Kg6 1-0

[Event "3. It"]
[Site "?"]
[Date "2005.03.10"]
[Round "8"]
[White "Fluvia Poyatos Joan"]
[Black "Fluvia Poyatos Jordi"]
[Result "1-0"]
[WhiteElo "2478"]
[BlackElo "2399"]
[PlyCount "111"]
[EventDate "2005.??.??"]
[Source "www.chesslib.no"]
[SourceDate "2004.05.04"]

1. d4 d5 2. c4 e5 3. dxe5 d4 4. Nf3 Nc6 5. Nbd2 Nge7 6. Nb3 Nf5 7. e4 dxe3 8.
Qxd8+ Nxd8 9. fxe3 Bb4+ 10. Kf2 Ne6 11. Bd3 Nc5 12. Nxc5 Bxc5 13. a3 a5 14. b3
O-O 15. Bd2 Rd8 16. Ke2 c6 17. g4 Ne7 18. h3 Ng6 19. Bc3 Bb6 20. Rhd1 Re8 21.
Bf5 Bc7 22. Bxc8 Raxc8 23. Rd7 h6 24. Rad1 Nf8 25. R7d2 Ng6 26. h4 b6 27. Rd7
Nf8 28. R7d2 Ng6 29. h5 Nxe5 30. Bxe5 Bxe5 31. Nxe5 Rxe5 32. Rd8+ Rxd8 33.
Rxd8+ Kh7 34. Rd6 Re6 35. Rxe6 fxe6 36. c5 b5 37. Kf3 Kg8 38. Kf4 Kf8 39. g5
hxg5+ 40. Kxg5 Kf7 41. e4 b4 42. a4 Kf8 43. Kg6 Kg8 44. h6 e5 45. Kg5 gxh6+ 46.
Kxh6 Kf7 47. Kg5 Kg7 48. Kf5 Kf7 49. Kxe5 Ke7 50. Kf5 Kf7 51. e5 Ke7 52. e6 Ke8
53. Kf6 Kf8 54. e7+ Ke8 55. Kf5 Kxe7 56. Ke5 1-0

[Event "6. EICC"]
[Site "?"]
[Date "2005.06.27"]
[Round "9"]
[White "Nielsen Peter Heine"]
[Black "Nevednichy Vladislav"]
[Result "0-1"]
[WhiteElo "2653"]
[BlackElo "2566"]
[PlyCount "88"]
[EventDate "2005.??.??"]
[Source "www.chesslib.no"]
[SourceDate "2004.05.04"]

1. d4 d5 2. c4 e5 3. dxe5 d4 4. Nf3 Nc6 5. Nbd2 Nge7 6. Nb3 Nf5 7. g3 a5 8. Bg2
a4 9. Nbd2 Be7 10. O-O g5 11. Ne4 g4 12. Ne1 Nxe5 13. Qc2 O-O 14. Nd3 Ng6 15.
Nec5 Ra7 16. Nxa4 Re8 17. b3 Bf6 18. Nac5 Nd6 19. Bb2 Bf5 20. e4 Nxe4 21. Nxe4
Bxe4 22. Qd1 Bf5 23. b4 c6 24. Qb3 Re2 25. Rad1 Qe7 26. a4 h5 27. Ba3 Qe8 28.
b5 cxb5 29. cxb5 h4 30. b6 Rxa4 31. Bb2 Be6 32. Bd5 Ra5 33. Nb4 Rxb2 34. Qxb2
Bxd5 35. Rfe1 Qb5 36. Qd2 Kg7 37. Rc1 Ra4 38. Rb1 Qd7 39. Qc2 Rxb4 40. Rxb4 Bc6
41. Qc5 d3 42. Rd1 Ne5 43. Rf4 Nf3+ 44. Kg2 Be5 0-1

[Event "AUT Ch Qualifier"]
[Site "?"]
[Date "2005.08.20"]
[Round "8"]
[White "Kilgus Georg"]
[Black "Balinov Ilija"]
[Result "0-1"]
[WhiteElo "2348"]
[BlackElo "2388"]
[PlyCount "62"]
[EventDate "2005.??.??"]
[Source "www.chesslib.no"]
[SourceDate "2004.05.04"]

1. d4 d5 2. c4 e5 3. dxe5 d4 4. Nf3 Nc6 5. Nbd2 Nge7 6. a3 Be6 7. Ng5 Qd7 8.
Nxe6 Qxe6 9. g3 O-O-O 10. Bg2 Nxe5 11. Qb3 Qb6 12. Qa2 h5 13. Ne4 d3 14. Be3
Qc6 15. c5 Kb8 16. O-O dxe2 17. Rfe1 h4 18. b4 hxg3 19. hxg3 Nf5 20. Qxe2 Qg6
21. Rad1 Re8 22. Bf4 f6 23. Bxe5 fxe5 24. Qc4 Nd4 25. b5 Be7 26. a4 Qf5 27. Re3
Rd8 28. Rf1 g5 29. Nc3 g4 30. Rxe5 Nf3+ 31. Bxf3 Qxf3 0-1

[Event "It (Men) Budapest HUN"]
[Site "?"]
[Date "2005.09.12"]
[Round "10"]
[White "Le Quang Liem"]
[Black "Czebe Attila"]
[Result "0-1"]
[WhiteElo "2326"]
[BlackElo "2494"]
[PlyCount "78"]
[EventDate "2005.??.??"]
[Source "www.chesslib.no"]
[SourceDate "2004.05.04"]

1. d4 d5 2. c4 e5 3. dxe5 d4 4. Nf3 Nc6 5. a3 a5 6. g3 Nge7 7. b3 Ng6 8. Bb2
Bc5 9. Bg2 O-O 10. O-O Bf5 11. h3 Ncxe5 12. Nxe5 Nxe5 13. e4 dxe3 14. Qxd8
Raxd8 15. Bxe5 Rfe8 16. Bc3 Bd3 17. Rd1 exf2+ 18. Kh2 f1=Q 19. Rxf1 Bxf1 20.
Bxf1 Re3 21. b4 Bd6 22. Ra2 Rxg3 23. Kh1 Bf4 24. Bd2 Bxd2 25. Nxd2 a4 26. Kh2
Rc3 27. Kg2 Re8 28. Nf3 g6 29. Nd4 c6 30. c5 Ree3 31. Nc2 Rxh3 32. Kf2 Rhg3 33.
Bg2 h5 34. Nd4 Rxa3 35. Re2 Rgd3 36. Nf3 Rab3 37. Re8+ Kg7 38. Re7 a3 39. Ne5
a2 0-1

[Event "It (Open)"]
[Site "?"]
[Date "2005.06.??"]
[Round "?"]
[White "Kobylkin Evgeni"]
[Black "Malaniuk Vladimir P"]
[Result "0-1"]
[WhiteElo "2412"]
[BlackElo "2526"]
[PlyCount "80"]
[EventDate "2005.??.??"]
[Source "www.chesslib.no"]
[SourceDate "2004.05.04"]

1. d4 d5 2. c4 e5 3. dxe5 d4 4. Nf3 Nc6 5. a3 Nge7 6. e3 Bg4 7. Be2 dxe3 8.
Bxe3 Qxd1+ 9. Bxd1 Ng6 10. O-O O-O-O 11. Bg5 Re8 12. Nc3 h6 13. Bd2 Ngxe5 14.
Nxe5 Nxe5 15. Bxg4+ Nxg4 16. b4 g6 17. Nb5 Bg7 18. Rae1 a6 19. Bc3 Be5 20. Nd4
Bxh2+ 21. Kh1 Rxe1 22. Rxe1 Be5 23. f3 Rd8 24. Ne2 Nf2+ 25. Kg1 Nd3 26. Rb1
Bxc3 27. Nxc3 Nf4 28. Ne4 Ne6 29. b5 Rd3 30. Ra1 f5 31. Nf2 Rc3 32. Re1 Kd7 33.
Rd1+ Ke7 34. bxa6 bxa6 35. Nd3 Kf6 36. Nb4 Rxc4 37. Rd7 a5 38. Nd5+ Ke5 39. Ne7
Nf4 40. Ng8 Rc2 0-1